{"text_format":"3","workbook":"xlsx","n_sheets":14,"sheets":["招标控制价","工程项目造价汇总表","单项工程造价汇总表","单位工程造价汇总表","分部分项工程量清单与计价表","总价措施项目清单与计价表","单价措施项目清单与计价表","其他项目清单与计价汇总表","暂列金额明细表","专业工程暂估价明细表","总承包服务费计价表","单价措施项目清单综合单价分析表","主要材料和设备项目与价格表","人工、材料设备、机械汇总表"],"read":"whole","date_system":"1900"}

{"sheet":"招标控制价","index":0,"n_rows":31,"n_cols":7,"rows_kept":31,"merged":[[0,0,0,6],[1,0,1,6],[2,0,2,6],[3,0,3,6],[4,0,4,6],[5,0,5,6],[6,0,6,6],[7,0,7,6],[8,0,8,2],[8,4,8,5],[9,1,9,3],[9,4,9,5],[10,1,10,3],[10,4,10,5],[11,0,11,6],[12,0,12,1],[12,2,12,3],[12,5,12,6],[13,0,13,1],[13,2,13,3],[13,5,13,6],[14,0,14,6],[15,0,15,6],[16,0,16,6],[17,0,17,1],[17,2,17,3],[17,5,17,6],[18,0,18,1],[18,2,18,3],[18,5,18,6],[19,0,19,6],[20,0,20,6],[21,0,21,6],[22,0,22,1],[22,2,22,3],[22,5,22,6],[23,0,23,1],[23,2,23,3],[23,5,23,6],[24,0,24,6],[25,0,25,6],[26,0,26,6],[27,0,27,6],[28,0,28,1],[28,2,28,3],[28,5,28,6],[29,0,29,6],[30,0,30,6]]}
[""]
[""]
["东园路立交桥桥面绿化花化工程"]
[""]
[""]
["招 标 控 制 价"]
[""]
[""]
["招标控制价(小写):",null,null,"-9213元","其中：甲供材料费",null,""]
["","",null,null,"",null,""]
["(大写):","负玖仟贰佰壹拾叁圆整",null,null,"其中：甲供材料费",null,""]
[""]
["招  标  人:",null,"",null,"造价咨询人:",""]
["",null,"(盖单位公章)",null,"","(盖单位公章)"]
[""]
[""]
[""]
["法定代表人\n或其授权人:",null,"",null,"法定代表人\n或其授权人:",""]
["",null,"(签字或盖章)",null,"","(签字或盖章)"]
[""]
[""]
[""]
["编  制  人:",null,"",null,"审  核  人:",""]
["",null,"(签字)",null,"","(签字、加盖执业印章)"]
[""]
[""]
[""]
[""]
["编 制 时 间:",{"$nulls":3},"审 核 时 间:",""]
[""]
[""]

{"sheet":"工程项目造价汇总表","index":1,"n_rows":7,"n_cols":5,"rows_kept":7,"merged":[[0,3,0,4],[1,0,1,4],[2,0,2,2],[2,3,2,4],[3,0,4,0],[3,1,4,1],[3,2,4,2],[3,3,3,4],[6,0,6,1]]}
["","","",""]
["工程项目造价汇总表"]
["工程名称:东园路立交桥桥面绿化花化工程",null,null,"第1页 共1页"]
["序号","单项工程名称","金额(元)","其中"]
[{"$nulls":3},"安全文明施工费(元)","人工费\n（元）"]
["1","单项工程",{"v":-9213,"d":"-9213.00"},{"v":-290,"d":"-290.00"},{"v":-2243,"d":"-2243.00"}]
["合  计",null,{"v":-9213,"d":"-9213.00"},{"v":-290,"d":"-290.00"},{"v":-2243,"d":"-2243.00"}]

{"sheet":"单项工程造价汇总表","index":2,"n_rows":8,"n_cols":5,"rows_kept":8,"merged":[[0,3,0,4],[1,0,1,4],[2,0,2,4],[3,0,3,2],[3,3,3,4],[4,0,5,0],[4,1,5,1],[4,2,5,2],[4,3,4,4],[7,0,7,1]]}
["","","",""]
["单项工程造价汇总表"]
[""]
["工程名称：东园路立交桥桥面绿化花化工程  单项工程",null,null,"第1页 共1页"]
["序号","单位工程名称","金额(元)"," 其中"]
[{"$nulls":3},"安全文明施工费(元)","人工费\n（元）"]
["1","变更预算",{"v":-9213,"d":"-9213.00"},{"v":-290,"d":"-290.00"},{"v":-2243,"d":"-2243.00"}]
["合        计",null,{"v":-9213,"d":"-9213.00"},{"v":-290,"d":"-290.00"},{"v":-2243,"d":"-2243.00"}]

{"sheet":"单位工程造价汇总表","index":3,"n_rows":18,"n_cols":4,"rows_kept":18,"merged":[[0,0,0,3],[1,0,1,3],[2,0,2,2],[3,2,3,3],[4,2,4,3],[5,2,5,3],[6,2,6,3],[7,2,7,3],[8,2,8,3],[9,2,9,3],[10,2,10,3],[11,2,11,3],[12,2,12,3],[13,2,13,3],[14,2,14,3],[15,2,15,3],[16,2,16,3],[17,0,17,1],[17,2,17,3]]}
["单位工程造价汇总表"]
[""]
["工程名称：东园路立交桥桥面绿化花化工程  单项工程  变更预算",null,null,"第1页 共1页"]
["序号","汇 总 内 容","金 额(元)"]
["1","分部分项工程费",{"v":-9764,"d":"-9764.00"}]
["1.1","园林建筑",{"v":-9764,"d":"-9764.00"}]
["2","措施项目费",{"v":-367,"d":"-367.00"}]
["2.1","总价措施项目费",{"v":-367,"d":"-367.00"}]
["2.1.1","安全文明施工费",{"v":-290,"d":"-290.00"}]
["2.1.2","其他总价措施费",{"v":-48,"d":"-48.00"}]
["2.1.3","施工扬尘防治措施费",{"v":-29,"d":"-29.00"}]
["2.2","单价措施项目费"]
["3","其他项目费"]
["3.1","暂列金额"]
["3.2","专业工程暂估价"]
["3.3","总承包服务费"]
["4","下浮",{"v":-918,"d":"-918.00"}]
["合  计=1+2+3-4",null,{"v":-9213,"d":"-9213.00"}]

{"sheet":"分部分项工程量清单与计价表","index":4,"n_rows":13,"n_cols":11,"rows_kept":13,"merged":[[0,0,0,9],[1,0,1,9],[2,0,2,7],[2,8,2,9],[3,0,4,1],[3,2,4,2],[3,3,4,3],[3,4,4,4],[3,5,4,5],[3,6,4,6],[3,7,3,9],[4,7,4,8],[5,0,5,9],[6,0,6,9],[7,0,7,9],[8,0,8,1],[8,7,8,8],[9,0,9,1],[9,7,9,8],[10,0,10,1],[10,7,10,8],[11,0,11,1],[11,7,11,8],[12,0,12,8]]}
["分部分项工程量清单与计价表",{"$nulls":9},""]
["",{"$nulls":9},""]
["工程名称：东园路立交桥桥面绿化花化工程",{"$nulls":7},"第1页 共1页",null,""]
["序号",null,"项目编码","项目名称","项目特征描述","计量单位","工程量","金    额(元)",null,null,""]
[{"$nulls":7},"综合单价",null,"合价",""]
["单项工程",{"$nulls":9},"单项工程(17园林)"]
["变更预算",{"$nulls":9},"单位工程(17园林)"]
["园林建筑",{"$nulls":9},"分项工程(17园林)"]
["1",null,"05B007","外挂花箱一","(1)80mm厚陶粒滤水层\n(2)铺设土工布（150g/m2）\n(3)295mm厚种植土\n(4)5厚玻璃纤维混合花盆600*350*400\n(5)外挂花箱一BZ-01","个",{"v":-5985,"d":"-5985.000"},114.75,null,-686778.75,""]
["2",null,"05B008","外摆花箱","(1)80mm厚陶粒滤水层\n(2)铺设土工布（150g/m2）\n(3)295mm厚种植土\n(4)5厚玻璃纤维混合花盆600*350*400\n(5)外摆花箱BZ-01","个",{"v":-1142,"d":"-1142.000"},114.75,null,{"v":-131044.5,"d":"-131044.50"},""]
["3",null,"05B009","外挂花箱一","(1)80mm厚陶粒滤水层\n(2)铺设土工布（150g/m2）\n(3)295mm厚种植土\n(4)5厚玻璃纤维混合花盆外径：600*350*400mm，内径：560*310*400mm\n(5)外挂花箱一BZ-01","个",{"v":5985,"d":"5985.000"},113.38,null,{"v":678579.3,"d":"678579.30"},""]
["4",null,"05B010","外摆花箱","(1)80mm厚陶粒滤水层\n(2)铺设土工布（150g/m2）\n(3)295mm厚种植土\n(4)5厚玻璃纤维混合花盆600*350*400，内径：560*310*400mm\n(5)外摆花箱BZ-01","个",{"v":1142,"d":"1142.000"},113.38,null,129479.96,""]
["合        计",{"$nulls":8},-9763.99,""]

{"sheet":"总价措施项目清单与计价表","index":5,"n_rows":13,"n_cols":5,"rows_kept":13,"merged":[[0,0,0,4],[1,0,1,4],[2,0,2,3],[4,0,4,4],[5,0,5,4],[12,0,12,3]]}
["总价措施项目清单与计价表"]
[""]
["工程名称：东园路立交桥桥面绿化花化工程",{"$nulls":3},"第1页 共1页"]
["序号","项 目 名 称","计 算 基 础\n(元)","费    率(%)","金    额(元)"]
["单项工程"]
["变更预算"]
["1","安全文明施工费",{"v":-9764,"d":"-9764.00"},"/",{"v":-290,"d":"-290.00"}]
["1.1","园林建筑",{"v":-9764,"d":"-9764.00"},"2.97",{"v":-290,"d":"-290.00"}]
["2","其他总价措施费",{"v":-9764,"d":"-9764.00"},"/",{"v":-48,"d":"-48.00"}]
["2.1","园林建筑",{"v":-9764,"d":"-9764.00"},"0.49",{"v":-48,"d":"-48.00"}]
["3","施工扬尘防治措施费",{"v":-290,"d":"-290.00"},"/",{"v":-29,"d":"-29.00"}]
["3.1","园林建筑",{"v":-290,"d":"-290.00"},"9.9",{"v":-29,"d":"-29.00"}]
["合    计",{"$nulls":3},{"v":-367,"d":"-367.00"}]

{"sheet":"单价措施项目清单与计价表","index":6,"n_rows":9,"n_cols":11,"rows_kept":9,"merged":[[0,0,0,9],[1,0,1,9],[2,0,2,7],[2,8,2,9],[3,0,4,1],[3,2,4,2],[3,3,4,3],[3,4,4,4],[3,5,4,5],[3,6,4,6],[3,7,3,9],[4,7,4,8],[5,0,5,9],[6,0,6,9],[7,0,7,9],[8,0,8,8]]}
["单价措施项目清单与计价表",{"$nulls":9},""]
["",{"$nulls":9},""]
["工程名称：东园路立交桥桥面绿化花化工程",{"$nulls":7},"第1页 共1页",null,""]
["序号",null,"项目编码","项目名称","项目特征描述","计量单位","工程量","金    额(元)",null,null,""]
[{"$nulls":7},"综合单价",null,"合价",""]
["单项工程",{"$nulls":9},"单项工程(17园林)"]
["变更预算",{"$nulls":9},"单位工程(17园林)"]
["园林建筑",{"$nulls":9},"分项工程(17园林)"]
["合       计",{"$nulls":9},""]

{"sheet":"其他项目清单与计价汇总表","index":7,"n_rows":8,"n_cols":4,"rows_kept":8,"merged":[[0,0,0,3],[1,0,1,3],[2,0,2,2],[7,0,7,1]]}
["其他项目清单与计价汇总表"]
[""]
["工程名称：东园路立交桥桥面绿化花化工程",null,null,"第1页 共1页"]
["序号","项 目 名 称","金额(元)","备注"]
["1","暂列金额",null,""]
["2","专业工程暂估价",null,""]
["3","总承包服务费",null,""]
["合    计",null,null,"——"]

{"sheet":"暂列金额明细表","index":8,"n_rows":12,"n_cols":5,"rows_kept":12,"merged":[[0,0,0,4],[1,0,1,4],[2,0,2,2],[2,3,2,4],[3,2,3,3],[4,2,4,3],[5,2,5,3],[6,2,6,3],[7,2,7,3],[8,2,8,3],[9,2,9,3],[10,2,10,3],[11,0,11,1],[11,2,11,3]]}
["暂列金额明细表"]
[""]
["工程名称：东园路立交桥桥面绿化花化工程",null,null,"第1页 共1页"]
["序号","项 目 名 称","金额(元)",null,"备  注"]
["1","设计变更和现场签证暂列金额",null,null,""]
["2","优质工程增加费",null,null,""]
["3","缩短定额工期增加费",null,null,""]
["4","发包人检测费",null,null,""]
["5","工程噪音超标排污费",null,null,""]
["6","渣土收纳费",null,null,""]
["7","加固工程检测费用",null,null,""]
["合    计",{"$nulls":3},"——"]

{"sheet":"专业工程暂估价明细表","index":9,"n_rows":5,"n_cols":5,"rows_kept":5,"merged":[[0,0,0,4],[1,0,1,4],[2,0,2,2],[2,3,2,4],[3,2,3,3],[4,0,4,1],[4,2,4,3]]}
["专业工程暂估价明细表"]
[""]
["工程名称：东园路立交桥桥面绿化花化工程",null,null,"第1页 共1页"]
["序号","项 目 名 称","金额(元)",null,"备  注"]
["合    计",{"$nulls":3},"——"]

{"sheet":"总承包服务费计价表","index":10,"n_rows":5,"n_cols":5,"rows_kept":5,"merged":[[0,0,0,4],[1,0,1,4],[2,0,2,3],[4,0,4,3]]}
["总承包服务费计价表"]
[""]
["工程名称：东园路立交桥桥面绿化花化工程",{"$nulls":3},"第1页 共1页"]
["序号","项 目 名 称","计算基础(元)","费率(%)","金额(元)"]
["合    计"]

{"sheet":"单价措施项目清单综合单价分析表","index":11,"n_rows":8,"n_cols":15,"rows_kept":8,"merged":[[0,0,0,13],[1,0,1,13],[2,0,2,11],[2,12,2,13],[3,0,4,0],[3,1,4,1],[3,2,4,2],[3,3,4,3],[3,4,4,4],[3,5,3,12],[3,13,4,13],[4,11,4,12],[5,0,5,13],[6,0,6,13],[7,0,7,13]]}
["单价措施项目清单综合单价分析表",{"$nulls":13},""]
["",{"$nulls":13},""]
["工程名称：东园路立交桥桥面绿化花化工程",{"$nulls":11},"第1页 共1页",null,""]
["序号","项目编码","项目名称及特征描述","单位","工程量","综合单价组成(元)",{"$nulls":7},"综合单价\n(元)",""]
[{"$nulls":5},"人工费","材料费","施工机具使用费","企业管理费","利润","规费","税金",null,null,""]
["单项工程",{"$nulls":13},"单项工程(17园林)"]
["变更预算",{"$nulls":13},"单位工程(17园林)"]
["园林建筑",{"$nulls":13},"分项工程(17园林)"]

{"sheet":"主要材料和设备项目与价格表","index":12,"n_rows":6,"n_cols":10,"rows_kept":6,"merged":[[0,0,0,9],[1,0,1,9],[2,0,2,7],[2,8,2,9],[3,0,4,0],[3,1,4,1],[3,2,4,2],[3,3,4,3],[3,4,3,5],[3,6,3,7],[3,8,4,8],[3,9,4,9],[5,0,5,8]]}
["主要材料和设备项目与价格表"]
[""]
["工程名称：东园路立交桥桥面绿化花化工程",{"$nulls":7},"第1页 共1页"]
["序号","名称、规格、型号","单位","数量","基准单价",null,"招标控制价(或预算书)中的单价",null,"金额\n（元）","比例\n（%）"]
[{"$nulls":4},"不含税（元）","含税（元）","不含税（元）","含税（元）"]
["累计比例（%）",{"$nulls":8},{"v":0,"d":"0.00"}]

{"sheet":"人工、材料设备、机械汇总表","index":13,"n_rows":14,"n_cols":8,"rows_kept":14,"merged":[[0,0,0,7],[1,0,1,7],[2,0,2,5],[2,6,2,7]]}
["人工、材料设备、机械汇总表"]
[""]
["工程名称：东园路立交桥桥面绿化花化工程",{"$nulls":5},"第1页 共1页"]
["序号","工料机编码","工料机名称","规格、型号等特殊要求","单位","数量","单价","合价"]
["一","","人工","","","","",0]
["1","00010040","定额人工费","","元","","",-2243.11]
["二","","材料","","","","",""]
["1","02270100","土工布","","m2",-214.558,{"v":3.6,"d":"3.600"},-772.41]
["2","04070090","陶粒","","m3",-15.394,{"v":199.44,"d":"199.440"},-3070.24]
["3","04090370","种植土","","m3",-52.561,{"v":34.59,"d":"34.590"},-1818.09]
["4","49010040","其他材料费","","元",-7.081,{"v":1,"d":"1.000"},-7.08]
["5","49011001","5厚玻璃纤维混合花盆","600*350*400","个",null,{"v":85,"d":"85.000"}]
["三","","设备","","","","",""]
["四","","施工机具","","","","",""]